|
|
|
|
| LEADER |
01633nam a22003614a 4500 |
| 001 |
35505 |
| 003 |
BD-DhAAL |
| 005 |
20211206111610.0 |
| 008 |
190917t2005 caua bd 001 0 eng |
| 999 |
|
|
|c 41285
|d 41285
|
| 010 |
|
|
|a 2004013831
|
| 020 |
|
|
|a 1412906385 (cloth)
|
| 020 |
|
|
|a 1412906393 (pbk.)
|
| 020 |
|
|
|a 9781412906395
|
| 035 |
|
|
|a (OCoLC)ocm55678955
|
| 040 |
|
|
|a DLC
|c DLC
|d YDX
|d UKM
|d DLC
|d BD-DhAAL
|
| 042 |
|
|
|a pcc
|
| 050 |
0 |
0 |
|a RC334
|b .S98 2005
|
| 082 |
0 |
0 |
|a 612.803
|2 22
|
| 100 |
1 |
|
|a Sylwester, Robert.
|9 34770
|
| 245 |
1 |
0 |
|a How to explain a brain :
|b an educator's handbook of brain terms and cognitive processes /
|c Robert Sylwester.
|
| 260 |
|
|
|a Thousand Oaks, Calif. :
|b Corwin Press,
|c c2005.
|
| 300 |
|
|
|a xix, 178 pages :
|b illustrations ;
|c 23 cm.
|
| 504 |
|
|
|a Includes bibliographical references (p. 167-172) and index.
|
| 526 |
|
|
|a BIED
|
| 541 |
|
|
|a Complimentary copy from BIED
|e 35505, 36045
|
| 650 |
|
0 |
|a Neurosciences
|v Dictionaries.
|9 34771
|
| 650 |
|
0 |
|a Cognitive neuroscience
|v Dictionaries.
|9 34772
|
| 650 |
|
0 |
|a Brain
|v Dictionaries.
|9 34773
|
| 852 |
|
|
|a Ayesha Abed Library
|c BIED Collection
|
| 942 |
|
|
|2 ddc
|c BK
|
| 952 |
|
|
|0 0
|1 0
|2 ddc
|4 0
|6 612_803000000000000_SYL
|7 0
|9 66348
|a BRACUL
|b BRACUL
|c GEN
|d 2019-09-17
|e Complimentary copy from BIED
|l 3
|m 1
|o 612.803 SYL
|p 3010035505
|r 2026-02-23
|s 2026-02-05
|t 1
|w 2019-09-17
|y BK
|x Transferred from BIED to General Stacks
|
| 952 |
|
|
|0 0
|1 0
|2 ddc
|4 0
|6 612_803000000000000_SYL
|7 0
|9 67674
|a BRACUL
|b BRACUL
|c GEN
|d 2020-01-06
|e Complimentary copy from BIED
|l 9
|m 62
|o 612.803 SYL
|p 3010036045
|r 2026-01-27
|s 2025-07-02
|t 2
|w 2020-01-06
|y BK
|x Transferred from BIED to General Stacks
|